000 00289nam a22001337a 4500
008 170608b xxu||||| |||| 00| 0 eng d
020 _a9781606230657
041 _aeng
080 _a32
100 _a18
101 _aSHP
245 _aTHEORIES IN DEVELOPMENT
_cPEET, R
942 _2udc
_cBK
999 _c16554
_d16554